| 000 | 00597nmm a2200193Ia 4500 | ||
|---|---|---|---|
| 008 | 251105s9999||||xx |||||||||||||||||und|| | ||
| 020 | _a9788497887816 | ||
| 041 | _aspa | ||
| 100 | _aSureda Negre, Jaume | ||
| 245 | 0 | _aInterpretación del patrimonio | |
| 264 |
_a[Madrid, España] : _bUniversitat Oberta de Catalunya, _c2008 |
||
| 300 | _a162 páginas | ||
| 650 | _aArchitecture & Sculpture | ||
| 700 | _aSureda Negre, Jaume | ||
| 700 | 1 | _a Castells Valdivielso, Margalida | |
| 700 | 1 | _a Guerra Rosado, Francisco | |
| 856 | _uhttps://public.digitaliapublishing.com/a/20227 | ||
| 942 | _cCF | ||
| 999 |
_c71818 _d71818 |
||